|
|
|
|
| LEADER |
01577nam a22003494a 4500 |
| 001 |
29580 |
| 003 |
BD-DhAAL |
| 005 |
20150805111332.0 |
| 008 |
150803s2006 cau 001 0deng |
| 010 |
|
|
|a 2006006225
|
| 020 |
|
|
|a 0787982385 (cloth)
|
| 020 |
|
|
|a 9780787982386 (cloth)
|
| 040 |
|
|
|a DLC
|c DLC
|d BAKER
|d UKM
|d C#P
|d BTCTA
|d YDXCP
|d DLC
|d BD-DhAAL
|
| 050 |
0 |
0 |
|a UB210
|b .A94 2006
|
| 082 |
0 |
0 |
|a 355.3/3041
|2 22
|
| 100 |
1 |
|
|a Axelrod, Alan,
|d 1952-
|9 13544
|
| 245 |
1 |
0 |
|a Eisenhower on leadership :
|b Ike's enduring lessons in total victory management /
|c Alan Axelrod.
|
| 250 |
|
|
|a 1st ed.
|
| 260 |
|
|
|a San Francisco, CA :
|b Jossey-Bass,
|c c2006.
|
| 300 |
|
|
|a vii, 296 p. ;
|c 24 cm.
|
| 500 |
|
|
|a Includes index.
|
| 505 |
0 |
|
|a Introduction : the soldier as CEO -- Time of trial : Ike and America enter the war -- From African victory to Sicilian conquest -- Supreme commander -- From crisis to victory.
|
| 541 |
|
|
|e 29580
|
| 600 |
1 |
0 |
|a Eisenhower, Dwight D.
|q (Dwight David),
|d 1890-1969
|x Military leadership.
|9 13545
|
| 600 |
1 |
0 |
|a Eisenhower, Dwight D.
|q (Dwight David),
|d 1890-1969
|x Influence.
|9 13546
|
| 650 |
|
0 |
|a Leadership.
|9 13547
|
| 650 |
|
0 |
|a Management.
|9 13548
|
| 650 |
|
0 |
|a World War, 1939-1945
|x Campaigns.
|9 13549
|
| 650 |
|
0 |
|a Generals
|z United States
|v Biography.
|9 13550
|
| 942 |
|
|
|2 ddc
|c BK
|
| 999 |
|
|
|c 35158
|d 35158
|
| 952 |
|
|
|0 0
|1 0
|2 ddc
|4 0
|6 355_330410000000000_AXE
|7 0
|9 55121
|a BRACUL
|b BRACUL
|c GEN
|d 2015-08-05
|e BRAC Institute of Language (BIL)
|l 2
|m 10
|o 355.33041 AXE
|p 3010029580
|r 2023-04-09
|s 2023-01-29
|t 1
|w 2015-08-05
|y BK
|x Transferred from BIL to BRACUL on 06/06/22
|